000 00609nam a2200229Ia 4500
005 20250508165021.0
008 008 250505s9999 xx 000 0 eng d
020 _a0-7450-0683-3
037 _aTextual
040 _aFEDL
_beng
_cFEDL
041 _aeng
_2eng
084 _a155.418, MAT
_qFEDL
100 _aMatterson Elizabeth
_9779714
245 0 _aPlay with a purpose for under-sevens
250 _a3
260 _aLondon, UK
_bPenguin Books
_c1989
300 _axiv,304p.
365 _aGBP
_b6.99
546 _aMACESE
942 _cTEXL
_h155.418, MAT
999 _c1392674
_d1392674